Az atlétatriász kockázati tényezőinek megjelenése női vízilabdázók körében

Elmentve itt :
Bibliográfiai részletek
Szerző: Tóth Eszter Flóra
További közreműködők: Molnár Andor (Témavezető)
Dokumentumtípus: Szakdolgozat
Megjelent: 2017
Tárgyszavak:
Online Access:http://diploma.bibl.u-szeged.hu/70505
LEADER 00718nta a2200169 i 4500
001 dipl70505
005 20180807082434.0
008 180807s2017 hu om 0|| zxx d
040 |a SZTE Diploma Repozitórium  |b hun 
041 |a zxx 
100 1 |a Tóth Eszter Flóra 
245 1 3 |a Az atlétatriász kockázati tényezőinek megjelenése női vízilabdázók körében  |h [elektronikus dokumentum] /  |c Eszter Flóra Tóth 
246 1 0 |a Risk factors of female athlete triad among waterpolo players  |h [elektronikus dokumentum] 
260 |c 2017 
650 4 |a Pedagógusképzés 
700 1 |a Molnár Andor  |e ths 
856 4 0 |u http://diploma.bibl.u-szeged.hu/id/eprint/70505/1/2016_T%C3%B3th_Eszter_Fl%C3%B3ra_LGAC6P_SZ.pdf  |z Dokumentum-elérés